Lógica del sentido / (Registro nro. 1560)
[ vista simple ]
| 000 -CABECERA | |
|---|---|
| campo de control de longitud fija | 02118nam a2200265Ia 4500 |
| 003 - IDENTIFICADOR DEL NÚMERO DE CONTROL | |
| campo de control | AR-RoIUNI |
| 005 - FECHA Y HORA DE LA ÚLTIMA TRANSACCIÓN | |
| campo de control | 20210311121035.0 |
| 007 - CAMPO FIJO DE DESCRIPCIÓN FÍSICA--INFORMACIÓN GENERAL | |
| campo de control de longitud fija | ta |
| 008 - DATOS DE LONGITUD FIJA--INFORMACIÓN GENERAL | |
| campo de control de longitud fija | 150616s2010 ag r 000 0 spa d |
| 020 ## - NÚMERO INTERNACIONAL ESTÁNDAR DEL LIBRO | |
| Número Internacional Estándar del Libro | 9789501268560 |
| 040 ## - FUENTE DE LA CATALOGACIÓN | |
| Centro/agencia transcriptor | AR-RoIUNI |
| 080 ## - NÚMERO DE LA CLASIFICACIÓN DECIMAL UNIVERSAL | |
| Número de la Clasificación Decimal Universal | 165 |
| 100 1# - ENTRADA PRINCIPAL--NOMBRE DE PERSONA | |
| Nombre de persona | Deleuze, Gilles, |
| Fechas asociadas al nombre | 1925-1995. |
| 9 (RLIN) | 18 |
| 245 10 - MENCIÓN DE TÍTULO | |
| Título | Lógica del sentido / |
| Mención de responsabilidad, etc. | Gilles Deleuze ; prólogo de Miguel Morey. |
| 250 ## - MENCIÓN DE EDICIÓN | |
| Mención de edición | 1a. ed. 2a. reimp. |
| 260 ## - PUBLICACIÓN, DISTRIBUCIÓN, ETC. (PIE DE IMPRENTA) | |
| Lugar de publicación, distribución, etc. | Buenos Aires : |
| Nombre del editor, distribuidor, etc. | Paidós, |
| Fecha de publicación, distribución, etc. | 2010. |
| 300 ## - DESCRIPCIÓN FÍSICA | |
| Extensión | 336 p. ; |
| Dimensiones | 22 cm |
| 490 0# - MENCIÓN DE SERIE | |
| Mención de serie | Paidós básica ; |
| Designación de volumen o secuencia | 46 |
| 505 0# - NOTA DE CONTENIDO CON FORMATO | |
| Nota de contenido con formato | I serie de paradojas, del puro devenir -- II serie de paradojas, de los efectos de superficie -- III serie, de la proposición -- IV serie, de las dualidades -- V serie, del sentido -- VI serie, sobre la serialización -- VII serie, de las palabras esotéricas -- VIII serie, de la estructura -- IX serie, de lo problemático --X serie, del juego ideal -- XI serie, del sinsentido -- XII serie, sobre la paradoja -- XIII serie, del esquizofrénico y de la niña -- XIV serie, de la doble causalidad -- XV serie, de las singularidades -- XVI serie, de la génesis estática ontológica -- XVII serie, de la génesis estática lógica -- XVIII serie, de las tres imágenes de filósofos -- XIX serie, del humor -- XX serie, sobre el problema moral en los estoicos -- XXI serie, del acontecimiento -- XXII serie, porcelana y volcán -- XXIII serie, del Aión -- XXIV serie, de la comunicación de los acontecimientos -- XXV serie, de la univocidad -- XXVI serie , del lenguaje -- XXVII serie, de la oralidad -- XXVIII serie, de la sexualidad -- XXIX serie, las buenas intenciones son forzosamente castigadas -- XXX serie, del fantasma -- XXXI serie, del pensamiento -- XXXII serie, sobre las diferentes clases de series -- XXXIII serie, de las aventuras de Alicia -- XXXIV serie, del orden primario y de la organización secundaria -- Apéndices. I. Simulacro y filosofía antigua -- II. Fantasma y literatura moderna. |
| 650 #4 - PUNTO DE ACCESO ADICIONAL DE MATERIA--TÉRMINO DE MATERIA | |
| Término de materia o nombre geográfico como elemento inicial | PSICOLOGÍA |
| 9 (RLIN) | 108 |
| 650 #4 - PUNTO DE ACCESO ADICIONAL DE MATERIA--TÉRMINO DE MATERIA | |
| Término de materia o nombre geográfico como elemento inicial | LÓGICA |
| 650 #4 - PUNTO DE ACCESO ADICIONAL DE MATERIA--TÉRMINO DE MATERIA | |
| Término de materia o nombre geográfico como elemento inicial | LENGUAJE |
| Subdivisión general | FILOSOFÍA |
| 700 1# - PUNTO DE ACCESO ADICIONAL--NOMBRE DE PERSONA | |
| Nombre de persona | Morey, Miguel |
| Fechas asociadas al nombre | 1950- |
| 942 ## - ELEMENTOS DE PUNTO DE ACCESO ADICIONAL (KOHA) | |
| Tipo de ítem Koha | Libros |
| Fuente del sistema de clasificación o colocación | Clasificación Decimal Universal |
| Estado de retiro | Estado de pérdida | Fuente del sistema de clasificación o colocación | Estado dañado | Excepción de préstamo | Código de colección | Localización permanente | Ubicación/localización actual | Ubicación en estantería | Fecha de adquisición | Número de inventario | Total de préstamos | Signatura topográfica completa | Código de barras | Fecha visto por última vez | Número de copia | Precio válido a partir de | Tipo de ítem Koha |
|---|---|---|---|---|---|---|---|---|---|---|---|---|---|---|---|---|---|
| Clasificación Decimal Universal | Psicología | BIBLIOTECA RIOBAMBA | BIBLIOTECA RIOBAMBA | BIBLIOTECA RIOBAMBA | 16/06/2015 | 1561 | 165 DEL | 1561 | 16/06/2015 | 1 | 16/06/2015 | Libros |

